Quizzes
Events
Quiz Creation
Community
Videos
Private Events
Remove Ads
Sign In
Join for FREE
Feedback
Dark Mode
Quiz Categories
Sports
Geography
Music
Movies
Television
Just For Fun
Miscellaneous
History
Literature
Language
Science
Gaming
Entertainment
Religion
Holiday
For Kids
Quiz Lab
Recent
Popular Today
Quiz Kudos Today
Editor Picks
Curator Picks
Quizzes by...
Day
Popularity
Type
Ratings
Length
Year
Community
Subscriptions
Recent Discussions
Orange Saloon
Badges
Playlists
Quests
Create
Leaderboards
Showdown
Live 5
Trivia Bingo
Activity
Puzzle Library
Sporcle Events
Private Events
Virtual Trivia
Globe League
Become a Host
Pub Owners
SporcleCon
Opinionation
Our Games
Videos
Blog
Mobile Apps
Partnerships
Remove Ads and Go Orange
Feedback
Sports
Athletes
MLB
NBA
NHL
NFL
Soccer
Sports Teams
WWE
NCAA
Football
Premier League
Basketball
Baseball
Hockey
Golf
Tennis
Cricket
Rugby
Auto Racing
Olympics
World Cup
Sports
Athletes
MLB
NBA
NHL
NFL
Soccer
Sports Teams
WWE
NCAA
Football
Premier League
Basketball
Baseball
Hockey
Golf
Tennis
Cricket
Rugby
Auto Racing
Olympics
World Cup
Random Quiz
Search Sporcle
×
Quiz Lab
Quiz Lab
Sports
Driver
Type in answers that appear in a list
Type in answers that appear in a list
Classic
Best Score? Go Orange.
F3000/GP2 Champions Stats
Can you name the F3000/GP2 Champions?
By
tristan1117
8m
26 Questions
365 Plays
365 Plays
365 Plays
Comments
Comments
Give Quiz Kudos
Give Quiz Kudos
-
- Ratings
hide this ad
More Info
Replay
Link that replays current quiz
Next Quiz
Link to next quiz in quiz playlist
You Got
0%
They Got
Avg Score
73%
Avg Friend Score
Upgrade to see
Score Distribution
Jump to the score distribution portion of the page
Score
0/26
Timer
08:00
0
Plays Today
Year
Driver
% Correct
2006
Lewis Hamilton
96.7%
1998
Juan Pablo Montoya
96.4%
2005
Nico Rosberg
95.6%
2009
Nico Hulkenberg
93.4%
2002
Sebastien Bourdais
92.3%
2007
Timo Glock
92.3%
1999
Nick Heidfeld
91.8%
2010
Romain Grosjean
89.8%
2008
Giorgio Pantano
88.2%
2004
Vitantonio Liuzzi
86.3%
1993
Olivier Panis
85.2%
2001
Justin Wilson
82.2%
1989
Jean Alesi
75.1%
Year
Driver
% Correct
1997
Ricardo Zonta
74.8%
1986
Ivan Capelli
72.1%
1995
Vincenzo Sospiri
67.1%
1992
Luca Badoer
62.5%
2003
Bjorn Wirdheim
60.8%
1988
Roberto Moreno
60.3%
2000
Bruno Junqueira
53.4%
1987
Stefano Modena
52.3%
1990
Erik Comas
52.3%
1994
Jean-Christophe Boullion
51.8%
1985
Christian Danner
49%
1991
Christian Fittipaldi
45.8%
1996
Jorg Muller
42.7%
Quiz Playlist
Details
Report
Send in Message
Add To Playlist
More Info:
Name all the F3000 and GP2 champions. Last names accepted.
Classic:
Type in answers that appear in a list
Quiz Source
Last Updated: Feb 16, 2017
Quiz Scoreboard
CHALLENGE
Sign Up to Join the Scoreboard
Show All
Scores
Hide
Comments
May contain spoilers
Recently Published
College Basketball Coaching Resumes
by pancakes188
Sports
9m
Billboard Blitz: Fleetwood Mac
by CooCooCachoo
Music
15s
Presidents Visiting Landmarks
by Hejman
History
7m
More to Explore
Quiz From the Vault
Featured Blog Post
Where Did the Easter Bunny Come From?
hide this ad
You Might Also Like...
Tags
champion
Driver
gp2
Today's Top Quizzes in Sports
Browse Sports
hide this ad
Today's Top Quizzes in Driver
Browse Driver
Top Contributed Quizzes in Sports
1
2022 World Cup Stars
2
Les meilleurs buteurs des matchs entre le PSG et l’OM
3
FIFA Club World Cup Champions
4
Les entraîneurs de l'OM et du PSG au 21e siècle
5
Criteria MLB: Left Handed Sluggers
6
AFC Teams Reveal (Wrong Answers Minefield)
7
2023 MLB Unique Player Accomplishments
8
Players with Multiple 50 Home Run Seasons
9
5-to-1: FBS Animal Nicknames
10
5-to-1: UK Sports Teams
Explore More
Trending Topics
Disney
Kpop
Anime
Harry Potter
Crossword
Marvel
NBA
Song
Soccer
The Office
Puzzle
NFL
WWE
Country
Pokémon
hide this ad
More By:
tristan1117
Quiz
Plays
Rating
Category
Featured
Created
Top 100 MLB Players of 2019 by Sports Illustrated
2,363
4.57
Sports
Feb 21, 2019
F1 Drivers Alphabet
995
4.80
Sports
Feb 26, 2010
F1 2010 Fact Ladder
984
4.00
Sports
Jan 6, 2011
F3000/GP2 Champions
365
4.40
Sports
Jun 6, 2010
F1 Driver Name Scramble
361
4.20
Sports
Jan 17, 2011
Go to Creator's Profile
Score Distribution
Quiz Creator Spotlight
tristan1117
Follow
Send a Message
Quizzes Created
-
Created Quiz Play Count
-
More By This Creator
Popular Quizzes Today
1
Find the US States - No Outlines Minefield
2
Find the Countries of Europe - No Outlines Minefield
3
The Countries of the World
4
Find the US States
5
Risky Map Clicking: Biggest States A-Z
6
US States
7
Popular People in 1961
8
Movies - When Are They Set?
More Sports Quizzes
1994 FIFA World Cup All-Star Team
Quiz Lab
Trending Quizzes
Risky Map Clicking: Least Populous States A-Z
1-10 Letter G Words
1-10 Letter F Words
Risky Map Clicking: Next State Alphabetically
Risky Map Clicking: Biggest States A-Z
Recently Updated
Leaping Animals
pecheneg
Reality TV Shows (A-Z)
bhenderson79
Rickey Henderson's Hall of Fame Teammates
pecheneg
Champions League XIs: Arsenal
pecheneg
Quick Pick: Celebrities in WWE's Hall of Fame
aduchscher
A-Z Keypad Blitz II
pecheneg
Multiple Oscar Actors
pecheneg
Mystery Phrase Blitz: Oscar 'Best Actors'
pecheneg
F. Scott Fitzgerald Novels
LTH
Pick 3 Villains
ddd62291
Trending Topics
Disney
Marvel
Anime
Harry Potter
Crossword
Kpop
NBA
Pokémon
The Office
Country
Puzzle
Soccer
NFL
Song
WWE
Your Account Isn't Verified!
In order to create a playlist on Sporcle, you need to verify the email address you used during registration. Go to your
Sporcle Settings
to finish the process.
Report this User
Report this user for behavior that violates our
Community Guidelines
.
Details:
Send Report
Go to the Sporcle.com Mobile Site →
Comments